[Event "Oruro op 4th"]
[Site "Oruro"]
[Date "2023.02.11"]
[Round "6"]
[White "Maldonado Caceres, Ronaldo"]
[Black "Coro, Soledad"]
[Result "1/2-1/2"]
[WhiteElo "1441"]
[BlackElo "1618"]
[PlyCount "26"]
[EventDate "2023.02.09"]
[EventType "swiss"]
[EventRounds "7"]
[EventCountry "BOL"]
[SourceTitle "CBM 213 Extra"]
[Source "ChessBase"]
[SourceDate "2023.05.31"]
[SourceVersion "1"]
[SourceVersionDate "2023.05.31"]
[SourceQuality "1"]

1. d4 g6 2. Nf3 Bg7 3. c4 c5 4. e3 Nf6 5. Nc3 b6 6. g3 Bb7 7. Bg2 0-0 8. 0-0 d6 9. b3 Nbd7 10. Bb2 Rb8 11. Qe2 a6 12. a4 e6 13. Rfd1 cxd4 1/2-1/2

[Event "Oruro op 4th"]
[Site "Oruro"]
[Date "2023.02.10"]
[Round "4"]
[White "Maldonado Caceres, Ronaldo"]
[Black "Vargas Lopez, Jhony Julio"]
[Result "1-0"]
[WhiteElo "1441"]
[BlackElo "1239"]
[PlyCount "107"]
[EventDate "2023.02.09"]
[EventType "swiss"]
[EventRounds "7"]
[EventCountry "BOL"]
[SourceTitle "CBM 213 Extra"]
[Source "ChessBase"]
[SourceDate "2023.05.31"]
[SourceVersion "1"]
[SourceVersionDate "2023.05.31"]
[SourceQuality "1"]

1. d4 Nf6 2. c4 e6 3. Nf3 Bb4+ 4. Bd2 Qe7 5. a3 Bxd2+ 6. Nbxd2 b6 7. g3 Bb7 8. Bg2 0-0 9. 0-0 Nc6 10. e4 d6 11. d5 Nd8 12. Qc2 e5 13. Nh4 Bc8 14. f4 Ng4 15. Qd3 exf4 16. Rxf4 Ne5 17. Qe2 c6 18. Raf1 f6 19. Nf5 Bxf5 20. Rxf5 cxd5 21. exd5 Nb7 22. b4 Rae8 23. Ne4 Qc7 24. Nd2 a5 25. Be4 axb4 26. axb4 Ng6 27. Qg4 Ne5 28. Qh4 Ng6 29. Qg4 Nd8 30. Rh5 Rxe4 31. Qxe4 Nf7 32. Nf3 Nfe5 33. Nxe5 dxe5 34. Rc1 Qd7 35. Rf5 Qa4 36. Rb1 Qa7 37. Rd1 Qa4 38. Qb1 Ne7 39. Rh5 g6 40. Rh4 Nf5 41. Re4 Nd4 42. Rexd4 exd4 43. Rxd4 Qa3 44. Qe1 Qa4 45. d6 Re8 46. Qd2 Qd7 47. c5 bxc5 48. bxc5 Ra8 49. Qc2 Ra5 50. Re4 Ra8 51. Qc4+ Kh8 52. Re7 Qf5 53. d7 Ra1+ 54. Kg2 1-0